000 00302nam a2200109Ia 4500
008 200302s9999 xx 000 0 und d
100 _aHarold J. Rosen & Others
245 _aArchitectural Materials for Construction
260 _bMcgraw- hill International Book co.,
260 _c1985
300 _a319 P.,
999 _c1420
_d1420